Statistics for Halloween Quiz!

Click here to take the quiz!

General Stats

  • This quiz has been taken 66 times
  • The average score is 7 of 15

Answer Stats

QuestionAnswer% Correct
How many legs do spiders have?8
88%
What country celebrates the day of the dead?Mexico
86%
Halloween is the second busiest holiday after which one?Christmas
84%
Transylvania is a region in which country?Romania
82%
How do pumpkins grow?On vines
70%
What is the most popular Halloween candy in the US?Reese's Peanut Butter Cups
57%
In which country did Halloween originate?Ireland
55%
Which state in the US produces the most pumpkins every year?Illinois
46%
When was candy corn invented?late 1800's
36%
The average kid consumes how many calories on Halloween night?7,000
32%
What is the number one city for trick or treating in the United States?San Francisco
23%
How much does the world’s biggest pumpkin weigh?2,624 pounds
21%
What’s the color order of a piece of candy corn, from the base to the point?Yellow (base), orange (middle), and white (top)
18%
Pumpkins can be orange, white, green, or what other color?Blue
14%
How much is spent on pet costumes for Halloween annually?$300 million
9%

Score Distribution

Percentile by Number Answered

Percent of People with Each Score

Your Score History

You have not taken this quiz